|
|
|
|
| LEADER |
00000cam a2200000 7i4500 |
| 001 |
0000041004 |
| 005 |
20061116093000.0 |
| 008 |
021119 ara |
| 020 |
|
|
|a 9770502065
|
| 090 |
0 |
0 |
|a PJ6316
|b .A54 1984
|
| 100 |
0 |
|
|a انيس, ابراهيم ,
|e author
|
| 241 |
2 |
3 |
|a al-Aswat al-lughawiyah
|
| 245 |
1 |
2 |
|a الاصوات اللغوية
|c ابراهيم انيس
|
| 260 |
2 |
|
|a Qahirah :
|b Maktabat al-Anjlu al-Misriyah ,
|c 1984
|
| 300 |
|
|
|a 278 p. ;
|c 25 cm.
|
| 504 |
|
|
|a Includes bibliographical references (p. 270-271) and indexes
|
| 650 |
|
0 |
|a Arabic language
|x Phonetics
|
| 999 |
|
|
|a 1000070907
|b Book
|c OPEN SHELF (30 DAYS)
|e Gong Badak Campus
|